Dodatky ke slovníku československých výtvarných umělců /

Guardado en:
Detalles Bibliográficos
Autores principales: Toman, Prokop (Autor), Toman, Prokop H. (Autor)
Formato: Libro
Lenguaje:checo
Publicado: Praha : Státní nakladatelství krásné literatury, hudby a umění, 1955
Edición:1. vydanie
Materias:
Etiquetas: Agregar Etiqueta
Sin Etiquetas, Sea el primero en etiquetar este registro!

MARC

LEADER 00000nam a22000003a 4500
001 0140613
003 SK-STU
005 20260323130814.2
007 ta
008 260323s ----xo-----e------000-0-----d
040 |a STU  |b slo 
041 0 |a cze 
044 |a xr 
100 1 |a Toman, Prokop  |4 aut 
245 1 0 |a Dodatky ke slovníku československých výtvarných umělců /  |c aut. Prokop Toman, Prokop H Toman 
250 |a 1. vydanie 
260 |a Praha :  |b Státní nakladatelství krásné literatury, hudby a umění,  |c 1955 
300 |a 226 s. 
650 0 7 |a výtvarníci slovenskí 
650 0 7 |a výtvarníci zahraniční 
650 0 7 |a výtvarné umenie 
700 1 |a Toman, Prokop H.  |4 aut 
996 |b 284AU10663  |c A* 13819/U  |l AAKNST  |s P  |a 0  |w 0140613_0001